भारतीय सामाजिक संस्थाएँ / (Record no. 10729)

MARC details
000 -LEADER
fixed length control field 01108 a2200217 4500
005 - DATE AND TIME OF LATEST TRANSACTION
control field 20080828125542.0
008 - FIXED-LENGTH DATA ELEMENTS--GENERAL INFORMATION
fixed length control field 080828t xxu||||| |||| 00| 0 hin d
010 ## - LIBRARY OF CONGRESS CONTROL NUMBER
LC control number HIN-82606
020 ## - INTERNATIONAL STANDARD BOOK NUMBER
Terms of availability 70.00
International Standard Book Number 8190260006
035 ## - SYSTEM CONTROL NUMBER
System control number HN-54952
037 ## - SOURCE OF ACQUISITION
Source of stock number/acquisition पु.प्र.अ.प्र/प्रका
082 ## - DEWEY DECIMAL CLASSIFICATION NUMBER
Classification number 302
100 ## - MAIN ENTRY--PERSONAL NAME
Personal name शर्मा, कालूराम
245 ## - TITLE STATEMENT
Title भारतीय सामाजिक संस्थाएँ /
Statement of responsibility, etc कालूराम शर्मा
246 ## - VARYING FORM OF TITLE
Title proper/short title Bhartiya Samajik sansthaen
Remainder of title by Kaluram Sharma
260 ## - PUBLICATION, DISTRIBUTION, ETC. (IMPRINT)
Place of publication, distribution, etc जयपुर
Name of publisher, distributor, etc दीक्षा पब्लिकेशन्स
Date of publication, distribution, etc 2005
270 ## - ADDRESS
Address 19, दादू मार्ग, हरियाण कॉालोनी, टोंक फाटक
City जयपुर
Postal code 302015
300 ## - PHYSICAL DESCRIPTION
Extent 56पृ
Dimensions 22 सेमी (सजिल्द)
942 ## - ADDED ENTRY ELEMENTS (KOHA)
Institution code [OBSOLETE] dpl
Koha item type Hindi Books
Call number prefix 302 / शर्माका
Source of classification or shelving scheme Dewey Decimal Classification
Classification part 302
Call number suffix शर्माका
Holdings
Withdrawn status Lost status Damaged status Not for loan Home library Current library Date acquired Cost, normal purchase price Total Checkouts Full call number Barcode Date last seen Copy number Uniform Resource Identifier Cost, replacement price Price effective from Koha item type
        D.B.Act.Division D.B.Act.Division   70.00   302 शर्माका HN-54952 15/09/2008 1 11820 70.00 15/09/2008 Hindi Books

© Delhi Public Library
Hit Counter
free hit counter